[Event "Cairo Masters op"]
[Site "Cairo"]
[Date "2014.02.27"]
[Round "9"]
[White "Kamel, Mahmoud"]
[Black "Ezat, Mohamed Mahmoud"]
[Result "1/2-1/2"]
[WhiteElo "2243"]
[BlackElo "2442"]
[PlyCount "33"]
[EventDate "2014.02.20"]
[EventType "swiss"]
[EventRounds "9"]
[EventCountry "EGY"]
[SourceTitle "EXT 2015"]
[Source "ChessBase"]
[SourceDate "2014.11.20"]
[SourceVersion "1"]
[SourceVersionDate "2014.11.20"]
[SourceQuality "1"]

1. Nf3 Nf6 2. d4 g6 3. g3 Bg7 4. Bg2 0-0 5. 0-0 d5 6. b3 Bf5 7. Bb2 Nbd7 8. c4 c6 9. Nc3 dxc4 10. bxc4 Nb6 11. c5 Nc4 12. Bc1 Nd5 13. Qb3 Na5 14. Qa3 Nc4 15. Qb3 Na5 16. Qa3 Nc4 17. Qb3 1/2-1/2

[Event "Cairo Egyptian op"]
[Site "Cairo"]
[Date "2011.11.28"]
[Round "9"]
[White "Fadi, Marko"]
[Black "Kamel, Mahmoud"]
[Result "1-0"]
[WhiteElo "2100"]
[BlackElo "2262"]
[PlyCount "93"]
[EventDate "2011.11.19"]
[EventType "swiss"]
[EventRounds "9"]
[EventCountry "EGY"]
[SourceTitle "CBM 145 Extra"]
[Source "ChessBase"]
[SourceDate "2012.01.03"]
[SourceVersion "1"]
[SourceVersionDate "2012.01.03"]
[SourceQuality "1"]

1. e4 c5 2. Nc3 Nc6 3. f4 e6 4. Nf3 d5 5. Bb5 Nge7 6. e5 a6 7. Bf1 Nf5 8. g3 h5 9. Bh3 d4 10. Ne4 d3 11. c4 b5 12. b3 Ncd4 13. Bb2 Nc2+ 14. Kf2 Nxa1 15. Bxa1 Bb7 16. Re1 Be7 17. Bxf5 exf5 18. Nd6+ Bxd6 19. exd6+ Be4 20. Bxg7 Rg8 21. Nh4 Kd7 22. Be5 Rg4 23. Nf3 h4 24. Rxe4 hxg3+ 25. hxg3 fxe4 26. Bf6 Qxf6 27. Ne5+ Qxe5 28. fxe5 Rag8 29. Qh1 bxc4 30. bxc4 R8g5 31. Qb1 Rxg3 32. Qb7+ Ke6 33. Qd5+ Kf5 34. e6+ Kf6 35. Qxe4 Rg2+ 36. Kf1 Rg1+ 37. Kf2 R5g2+ 38. Kf3 Rg8 39. Qh4+ Kxe6 40. Qe7+ Kf5 41. Qxf7+ Ke5 42. Qd5+ Kf6 43. Qxc5 Rf1+ 44. Ke4 Rg5 45. Qd4+ Ke6 46. Kxd3 Rff5 47. d7 1-0

[Event "EGY-ch Masters"]
[Site "Cairo"]
[Date "2009.11.23"]
[Round "8.1"]
[White "Yousry, Salah"]
[Black "Kamel, Mahmoud"]
[Result "1-0"]
[WhiteElo "2292"]
[BlackElo "2164"]
[PlyCount "111"]
[EventDate "2009.11.15"]
[EventType "swiss"]
[EventRounds "8"]
[EventCountry "EGY"]
[SourceTitle "EXT 2024"]
[Source "ChessBase"]
[SourceDate "2023.10.10"]
[SourceVersion "1"]
[SourceVersionDate "2023.10.10"]
[SourceQuality "1"]

1. e4 e5 2. d4 exd4 3. Qxd4 Nc6 4. Qe3 b6 5. Nc3 Bc5 6. Qg3 Nf6 7. Bg5 h6 8. Bd2 Nh5 9. Qg4 Nf6 10. Qh4 Ne5 11. f4 g5 12. fxg5 Nfg4 13. Nh3 Rg8 14. Be2 d6 15. Qh5 Be3 16. 0-0-0 hxg5 17. Bxg4 Bxg4 18. Qh7 Bxd2+ 19. Rxd2 Kd7 20. Nd5 Rg6 21. Rf1 Be6 22. Qh5 c6 23. Ne3 Kc7 24. Nf5 Bxf5 25. Rxf5 Qe7 26. Rxg5 Nc4 27. Rf2 b5 28. b3 Ne5 29. Rxg6 fxg6 30. Qg5 Qxg5+ 31. Nxg5 Rh8 32. h3 Rh5 33. Nf7 Nd7 34. Kd2 d5 35. exd5 Rxd5+ 36. Ke3 Rd1 37. h4 a5 38. Nh8 Ne5 39. Kf4 Kd6 40. Re2 Rf1+ 41. Kg5 Rf5+ 42. Kh6 Rh5+ 43. Kg7 g5 44. hxg5 Rxg5+ 45. Kf6 Rg8 46. Rd2+ Kc5 47. Kxe5 Rxh8 48. g4 Kb4 49. g5 Ka3 50. c3 Rh3 51. Rg2 Rxc3 52. g6 a4 53. bxa4 bxa4 54. g7 Re3+ 55. Kd6 Re8 56. g8Q 1-0

[Event "EGY-ch Masters"]
[Site "Cairo"]
[Date "2009.11.19"]
[Round "5.1"]
[White "Ibrahim, Hatim"]
[Black "Kamel, Mahmoud"]
[Result "1/2-1/2"]
[WhiteElo "2328"]
[BlackElo "2164"]
[PlyCount "156"]
[EventDate "2009.11.15"]
[EventType "swiss"]
[EventRounds "8"]
[EventCountry "EGY"]
[SourceTitle "EXT 2024"]
[Source "ChessBase"]
[SourceDate "2023.10.10"]
[SourceVersion "1"]
[SourceVersionDate "2023.10.10"]
[SourceQuality "1"]

1. c4 c6 2. Nf3 d5 3. e3 Nf6 4. Nc3 e6 5. b3 Nbd7 6. Bb2 Bd6 7. Qc2 0-0 8. g4 Nxg4 9. Rg1 f5 10. h3 Ngf6 11. Ng5 Qe7 12. f4 a5 13. Be2 Nc5 14. d4 Nce4 15. c5 Bc7 16. Ngxe4 Nxe4 17. Nxe4 fxe4 18. 0-0-0 Qh4 19. Bf1 Bd8 20. a4 Bd7 21. Bc3 Rf7 22. Be1 Qh6 23. Rd2 Bh4 24. Bxh4 Qxh4 25. Qd1 Raf8 26. Rdg2 Kh8 27. Qe2 Rg8 28. Rg5 Rf5 29. R1g4 Qh6 30. Qe1 Rxg5 31. Rxg5 Ra8 32. h4 Qf6 33. Bh3 Be8 34. Re5 Bf7 35. Qg3 g6 36. Bg4 Re8 37. Be2 Qe7 38. Qg5 Kg7 39. Qxe7 Rxe7 40. Rg5 Kf6 41. Kb2 Be8 42. Ka3 Rg7 43. b4 axb4+ 44. Kxb4 h6 45. Rg1 Bd7 46. Ka5 Be8 47. Kb6 Rh7 48. a5 Re7 49. a6 bxa6 50. Bxa6 g5 51. hxg5+ hxg5 52. Rxg5 Rh7 53. Rg1 Rh2 54. Bb7 Re2 55. Rg3 Bh5 56. Bxc6 Bf3 57. Bb7 Rxe3 58. c6 Rb3+ 59. Ka7 Kf5 60. c7 Rc3 61. c8Q Rxc8 62. Bxc8 Kxf4 63. Rg1 e5 64. dxe5 Kxe5 65. Rg5+ Kd4 66. Kb6 e3 67. Ba6 e2 68. Rg1 Ke3 69. Ra1 Kf2 70. Ra2 Ke3 71. Ra3+ Kf2 72. Ra2 Ke3 73. Ra1 Kf2 74. Bxe2 Kxe2 75. Kc5 Be4 76. Kd4 Kf3 77. Rf1+ Ke2 78. Ra1 Kf3 1/2-1/2

[Event "Golden Cleopatra op 6th"]
[Site "Cairo"]
[Date "2002.04.16"]
[Round "10"]
[White "Kamel, Mahmoud"]
[Black "Elbasuny, Fahmy"]
[Result "1-0"]
[WhiteElo "2109"]
[BlackElo "2253"]
[PlyCount "83"]
[EventDate "2002.04.07"]
[EventType "swiss"]
[EventRounds "11"]
[EventCountry "EGY"]
[SourceTitle "CBM 087 Extra"]
[Source "ChessBase"]
[SourceDate "2002.05.03"]
[SourceVersion "2"]
[SourceVersionDate "2002.08.09"]
[SourceQuality "1"]

1. e4 Nf6 2. e5 Nd5 3. c4 Nb6 4. c5 Nd5 5. Nc3 e6 6. Bc4 c6 7. d4 b6 8. cxb6 Qxb6 9. Nf3 Bb4 10. Qd3 Qa5 11. Bd2 Nb6 12. a3 Nxc4 13. Qxc4 Be7 14. Ne4 Qd8 15. Bb4 0-0 16. Bxe7 Qxe7 17. Qc2 h6 18. h4 d5 19. exd6 Qd8 20. 0-0-0 f5 21. Nc5 Qxd6 22. Ne5 Na6 23. f4 Rb8 24. Rhg1 Nxc5 25. dxc5 Qc7 26. Rd6 Rb5 27. Qc4 Kh7 28. Kb1 a6 29. Rc1 Qe7 30. g3 Qb7 31. Rc2 Rb3 32. Rd3 Rb5 33. Qd4 Rb3 34. Ka2 Rxd3 35. Qxd3 a5 36. Qd6 Rf6 37. Qxc6 Qb8 38. Qb6 Qa8 39. c6 Rf8 40. Rc5 Qa6 41. Qxa6 Bxa6 42. Rxa5 1-0